001700000a2200061000450024500530000030000430005377300120009610aHomily of St. Basil of Caesarea on Genesis 1.2-5 aVol. 17, Núm 1 (1999), Páginas 2-60 tEvangel